Retentions, harmful, inefficient, outdated (Record no. 71756)

MARC details
000 -LEADER
fixed length control field 01052cam a2200205 4500
001 - CONTROL NUMBER
control field WB3846-06
008 - FIXED-LENGTH DATA ELEMENTS--GENERAL INFORMATION
fixed length control field 021212n2002 000 0 eng u
035 ## - SYSTEM CONTROL NUMBER
System control number (Sirsi) u120755
245 ## - TITLE STATEMENT
Title Retentions, harmful, inefficient, outdated
260 ## - PUBLICATION, DISTRIBUTION, ETC.
Date of publication, distribution, etc. 2002
490 ## - SERIES STATEMENT
Series statement Contract Journal
Volume/sequential designation (416) 6407 11 December 2002, (1)
520 ## - SUMMARY, ETC.
Summary, etc. Parliamentary report on retentions argues that the withholding of retentions is an outdated practice that should not be necessary in a modern productive industry. Key findings in the report include that many construction firms find the withholding of them a heavy burden particularly on small and medium sized firms. Also legislation to outlaw retentions is unlikely to make much impact. For the House of Commons select committee report : http://www.parliament.the-stationery-office.co.uk/pa/cm200203/cmselect/cmtrdind/127/12702.htm
590 ## - LOCAL NOTE (RLIN)
Local note WB
650 ## - SUBJECT ADDED ENTRY--TOPICAL TERM
Topical term or geographic name entry element RETENTIONS
650 ## - SUBJECT ADDED ENTRY--TOPICAL TERM
Topical term or geographic name entry element DTI
650 ## - SUBJECT ADDED ENTRY--TOPICAL TERM
Topical term or geographic name entry element GOVERNMENT CONTRACTS
650 ## - SUBJECT ADDED ENTRY--TOPICAL TERM
Topical term or geographic name entry element PFI
690 ## - LOCAL SUBJECT ADDED ENTRY--TOPICAL TERM (OCLC, RLIN)
Topical term or geographic name as entry element BUILDING AND CONSTRUCTION-MANAGEMENT
942 ## - ADDED ENTRY ELEMENTS (KOHA)
Suppress in OPAC 0
Holdings
Withdrawn status Lost status Source of classification or shelving scheme Damaged status Not for loan Home library Current library Shelving location Date acquired Total Checkouts Full call number Barcode Date last seen Copy number Price effective from Koha item type
    Dewey Decimal Classification     London London News article 12/12/2002   WB3846-06 120755-1001 06/08/2019 1 06/08/2019 News article